MARC

LEADER 00000nam0a2200000 4500
001 49384
005 20231031032601.0
035 |a (RuTPU)RU\TPU\book\51706 
090 |a 49384 
100 |a 20030331d1984 m y0rusy50 ca 
101 0 |a rus 
102 |a RU 
105 |a a j 001zy 
200 1 |a Геодезическое инструментоведение  |e учебник  |f П. Н. Кузнецов, И. Ю. Васютинский, Х. К. Ямбаев 
210 |a Москва  |c Недра  |d 1984 
215 |a 364 с.  |c ил. 
320 |a Библиогр.: с. 352-354. 
610 1 |a геометрическая оптика 
610 1 |a физическая оптика 
610 1 |a геодезические приборы 
610 1 |a эксплуатация 
610 1 |a транспортировка 
610 1 |a хранение 
610 1 |a учебные пособия 
675 |a 528.5(075.8)  |v 3 
700 1 |a Кузнецов  |b П. Н.  |g Павел Никитич 
701 1 |a Васютинский  |b И. Ю.  |g Игорь Юрьевич 
701 1 |a Ямбаев  |b Х. К.  |g Харьес Каюмович 
801 1 |a RU  |b 63413507  |c 20030331  |g PSBO 
801 2 |a RU  |b 63413507  |c 20060710  |g PSBO 
900 |a Прикладная оптика 
942 |c BK 
952 |b 080400